000 00555nam a2200205Ia 4500
005 20250923145431.0
008 008 250917s9999 xx 000 0 eng d
037 _aTextual
040 _aDSWL
_beng
_cDSWL
041 _aeng
_2eng
084 _aS:g, N76
_qDSWL
100 _aHeather, Nick
_9835275
245 0 _aRadical perspective in Psychology
_c by Nick.Heather
260 _aLondon
_bMethuen
_c1976
300 _a142 p.
365 _aINR
_b13.45
925 _g13.45
942 _cTEXL
_hS:g, N76
999 _c1451308
_d1451308